Statistics for Chocolate

Click here to take the quiz!

General Stats

  • This quiz has been taken 46 times
  • The average score is 3 of 7

Answer Stats

HintAnswer% Correct
Have a break have a _ _ _ _ _ _kit kat
100%
A _ _ _ _ a day helps you work, rest and playmars
58%
_ _ _ _ _ _ is not for girlsyorkie
53%
The crumbliest _ _ _ _ _iest milk chocolate in the worldflake
45%
A finger of _ _ _ _ _ is just enough to give the kids a treatfudge
34%
Thank _ _ _ _ _ _ _ _ its Fridaycrunchie
29%
_ _ _ _ _ _ _ _ _ melt in your mouth not in your handminstrels
21%

Score Distribution

Percentile by Number Answered

Percent of People with Each Score

Your Score History

You have not taken this quiz